Otoko to onna.
Saved in:
| Format: | Book |
|---|---|
| Language: | Japanese |
| Published: |
Tōkyō :
Tōkyō Daigaku Shuppankai,
1974.
|
| Edition: | Shohan. |
| Series: | Tōkyō Daigaku Kōkai Kōza ;
18 |
| Subjects: | |
| Tags: |
Add Tag
No Tags, Be the first to tag this record!
|
| LEADER | 00866nam a2200289ua 4500 | ||
|---|---|---|---|
| 001 | 007724288-2 | ||
| 005 | 20024617120653.0 | ||
| 008 | 920408s1974 ja b 000 0 jpn d | ||
| 035 | 0 | |a ocm25992183 | |
| 040 | |a NN |c NN |d *YNH* |d CStRLIN | ||
| 245 | 0 | 0 | |6 880-01 |a Otoko to onna. |
| 250 | |6 880-02 |a Shohan. | ||
| 260 | |6 880-03 |a Tōkyō : |b Tōkyō Daigaku Shuppankai, |c 1974. | ||
| 300 | |a 271 p. ; |c 19 cm. | ||
| 490 | 0 | |6 880-04 |a Tōkyō Daigaku Kōkai Kōza ; |v 18 | |
| 500 | |a In Japanese. | ||
| 504 | |a Includes bibliographical references. | ||
| 650 | 0 | |a Men. | |
| 650 | 0 | |a Women. | |
| 650 | 0 | |a Sex differences. | |
| 650 | 0 | |a Sex differences (Psychology) | |
| 880 | 0 | 0 | |6 245-01 |a 男と女. |
| 880 | |6 250-02 |a 初版. | ||
| 880 | |6 260-03 |a 東京: |b 東京大学出版会, |c 1974. | ||
| 880 | 0 | |6 490-04 |a 東京大学公開講座; |v 18 | |
| 988 | |a 20021214 | ||
| 906 | |0 OCLC | ||


